书目信息 |
| 题名: |
国民党下台内幕
|
|
| 作者: | 刘红 , 曾润梅 , 王建民 著 | |
| 分册: | ||
| 出版信息: | 北京 新华出版社 2005 |
|
| 页数: | 327页 | |
| 开本: | 23cm | |
| 丛书名: | ||
| 单 册: | ||
| 中图分类: | D693.74 | |
| 科图分类: | ||
| 主题词: | 执政 | |
| 电子资源: | ||
| ISBN: | 7-5011-7013-4 | |
| 000 | 00944nam0 2200265 450 | |
| 001 | 002899093 | |
| 005 | 20061105084454.06 | |
| 010 | @a7-5011-7013-4@dCNY39.00 | |
| 100 | @a20050427d2005 em y0chiy0110 ea | |
| 101 | 0 | @achi |
| 102 | @aCN@b110000 | |
| 105 | @aa z 000yd | |
| 200 | 1 | @a国民党下台内幕@9guo min dang xia tai nei mu@f王建民,刘红,曾润梅著 |
| 210 | @a北京@c新华出版社@d2005 | |
| 215 | @a327页@c照片@d23cm | |
| 330 | @a本书主要从战后台湾历史的演变、政党政治的发展、国民党权力结构的变化、政治路线方向的迷失、国民党党内斗争与分裂、国民党“黑金政治”与权力腐败等方面进行了初步探讨。 | |
| 601 | 02 | @a中国国民党@x执政@x研究@y台湾省 |
| 601 | 02 | @a中国国民党 |
| 606 | 0 | @a执政 |
| 690 | @aD693.74@v4 | |
| 701 | 0 | @a刘红@9liu hong@f(1954.10~)@4著 |
| 701 | 0 | @a曾润梅@9zeng run mei@c(女,@f1974~)@4著 |
| 701 | 0 | @a王建民@9wang jian min@c(台湾问题研究,@f1960~)@4著 |
| 801 | 0 | @aCN@bNLC@c20061105 |
| 905 | @a10447@dD693.74@e106 | |
| 国民党下台内幕/王建民,刘红,曾润梅著.-北京:新华出版社,2005 |
| 327页:照片;23cm |
| ISBN 7-5011-7013-4:CNY39.00 |
| 本书主要从战后台湾历史的演变、政党政治的发展、国民党权力结构的变化、政治路线方向的迷失、国民党党内斗争与分裂、国民党“黑金政治”与权力腐败等方面进行了初步探讨。 |
| ● |
| 相关链接 |
|
|
|
|
正题名:国民党下台内幕
索取号:D693.74/106
 
预约/预借
| 序号 | 登录号 | 条形码 | 馆藏地/架位号 | 状态 | 备注 |
| 1 | 0380484 | 203804847 | 第一样本阅览室/ [索取号:D693.74/106] | 在馆 | |
| 2 | 0380485 | 203804856 | 第一借阅区/ [索取号:D693.74/106] | 在馆 | |
| 3 | 0380486 | 203804865 | 第一借阅区/ [索取号:D693.74/106] | 在馆 | |
| 4 | 0380487 | 203804874 | 第一借阅区/ [索取号:D693.74/106] | 在馆 | |
| 5 | 0380488 | 203804883 | 第一借阅区/ [索取号:D693.74/106] | 在馆 |